Loading...
| Mythology | 0 | 6 | 1 | 0 | 55 | 8 | 37.00 | 3 | 4 | 0.00 | 0.00 |
| Literature - European | 0 | 5 | 0 | 1 | 50 | 47 | 70.00 | 0 | 4 | 0.00 | 0.00 |
| History - Other | 0 | 4 | 0 | 1 | 40 | 46 | 70.75 | 0 | 3 | 0.00 | 0.00 |
| Literature - British | 0 | 4 | 0 | 1 | 40 | 25 | 58.25 | 1 | 2 | 0.00 | 0.00 |
| History - American | 0 | 4 | 0 | 0 | 40 | 53 | 67.75 | 0 | 1 | 0.00 | 0.00 |
| Science - Biology | 0 | 3 | 0 | 0 | 30 | 52 | 63.00 | 0 | 2 | 0.00 | 0.00 |
| Literature - World | 0 | 3 | 0 | 1 | 30 | 71 | 79.33 | 0 | 2 | 0.00 | 0.00 |
| Literature - American | 0 | 3 | 0 | 0 | 30 | 51 | 77.00 | 0 | 1 | 0.00 | 0.00 |
| Religion | 0 | 3 | 1 | 0 | 25 | 34 | 63.67 | 1 | 1 | 0.00 | 0.00 |
| Social Science | 0 | 3 | 2 | 0 | 20 | 26 | 49.00 | 2 | 2 | 0.00 | 0.00 |
| History - European | 0 | 2 | 0 | 0 | 20 | 61 | 66.00 | 0 | 1 | 0.00 | 0.00 |
| Current Events | 0 | 2 | 0 | 0 | 20 | 51 | 65.50 | 0 | 0 | 0.00 | 0.00 |
| Pop Culture | 0 | 1 | 0 | 0 | 10 | 25 | 25.00 | 1 | 1 | 0.00 | 0.00 |
| Geography | 0 | 1 | 0 | 0 | 10 | 77 | 77.00 | 0 | 0 | 0.00 | 0.00 |
| Painting/Sculpture | 0 | 1 | 0 | 0 | 10 | 84 | 84.00 | 0 | 0 | 0.00 | 0.00 |
| Fine Arts - Other | 0 | 1 | 1 | 0 | 5 | 86 | 86.00 | 0 | 0 | 0.00 | 0.00 |